000
00318nam a2200145Ia 4500
100
_a
Rinehart/Martin L
942
_c
BK
654
_a
Computer
245
_a
Client /Server dBase Programming
260
_b
Addison Wesly
_a
Reading
_c
1994
082
_a
5.758
_b
RIN
300
_a
325
546
_a
ENGLISH
999
_c
19674
_d
19674